Principles of tourism, part II (Record no. 5873)

MARC details
000 -LEADER
fixed length control field 00588nam a22001937a 4500
003 - CONTROL NUMBER IDENTIFIER
control field OSt
005 - DATE AND TIME OF LATEST TRANSACTION
control field 20251120131034.0
008 - FIXED-LENGTH DATA ELEMENTS--GENERAL INFORMATION
fixed length control field 251120b |||||||| |||| 00| 0 eng d
020 ## - INTERNATIONAL STANDARD BOOK NUMBER
International Standard Book Number 971-23-4387-1.
040 ## - CATALOGING SOURCE
Original cataloging agency DWCL-Main lib
Transcribing agency OC
082 ## - DEWEY DECIMAL CLASSIFICATION NUMBER
Edition number Updated ed.
Classification number Fil. 338.4 C957p 2005
100 ## - MAIN ENTRY--PERSONAL NAME
Personal name Zenaida L. Cruz
245 ## - TITLE STATEMENT
Title Principles of tourism, part II
Statement of responsibility, etc. Zenaida L. Cruz
260 ## - PUBLICATION, DISTRIBUTION, ETC.
Place of publication, distribution, etc. Manila :
Name of publisher, distributor, etc. Rex Book Store, Inc.,
Date of publication, distribution, etc. c2005.
300 ## - PHYSICAL DESCRIPTION
Extent x, 224 pages :
Other physical details illustration ;
Dimensions 22 cm.
650 ## - SUBJECT ADDED ENTRY--TOPICAL TERM
Source of heading or term 1. Tourist trade.
650 ## - SUBJECT ADDED ENTRY--TOPICAL TERM
Source of heading or term 2. Travel.
942 ## - ADDED ENTRY ELEMENTS (KOHA)
Source of classification or shelving scheme Dewey Decimal Classification
Koha item type Book-Filipiniana
Edition Updated ed.
Call number prefix Fil.
Suppress in OPAC No
952 ## - LOCATION AND ITEM INFORMATION (KOHA)
--
952 ## - LOCATION AND ITEM INFORMATION (KOHA)
--
952 ## - LOCATION AND ITEM INFORMATION (KOHA)
--
952 ## - LOCATION AND ITEM INFORMATION (KOHA)
--
Holdings
Withdrawn status Lost status Source of classification or shelving scheme Damaged status Not for loan Home library Current library Shelving location Date acquired Source of acquisition Cost, normal purchase price Total Checkouts Full call number Barcode Date last seen Copy number Price effective from Koha item type Uniform Resource Identifier
    Dewey Decimal Classification     College Library HM & Nursing Library Filipiniana 07/31/2008 School Fund 0.00   Fil. 338.4 C957p 2005 46070 11/20/2025 c1 11/20/2025 BK - FIL
    Dewey Decimal Classification     College Library HM & Nursing Library Filipiniana 07/31/2008 School Fund 0.00   Fil. 338.4 C957p 2005 46069 11/20/2025 c2 11/20/2025 BK - FIL
    Dewey Decimal Classification     College Library HM & Nursing Library Filipiniana 11/10/2007 School Fund 305.00   Fil. 338.4 C957p 2005 45372 11/20/2025 c3 11/20/2025 BK - FIL
    Dewey Decimal Classification     College Library HM & Nursing Library Filipiniana 11/10/2007 School Fund 305.00   Fil. 338.4 C957p 2005 45371 11/20/2025 c4 11/20/2025 BK - FIL